Stray Kids Songs (Up to DO IT) - Statistics

General Stats
  • This quiz has been taken 5,746 times
    145 since last reset
  • The average score is 112 of 277
Answer Stats
Hint Answer % Correct
˚⋅♡⋆ N/S
96%
𝔇𝔬 𝔦𝔱 Do It
86%
GIANT GIANT
85%
⊹ ࣪ ﹏𓊝﹏𓂁﹏⊹ ࣪ ˖ U (ft. TABLO)
85%
✩♬₊˚. Chk Chk Boom
81%
CIRCUS CIRCUS
79%
⌯⌲⋆ God's Menu
79%
Mixtape Hellevator
79%
I am YOU YOU.
79%
MAXIDENT CASE 143
78%
⋆☾⋆ CEREMONY
78%
Hollow Hollow
78%
♪𝄞♫ᝰ LALALALA
78%
⊙‿ꏿ MANIAC
78%
✰ ✰ ✰ ✰ ✰ S-Class
78%
𝔇𝔬 𝔦𝔱 DIVINE
76%
⊹ ࣪ ﹏𓊝﹏𓂁﹏⊹ ࣪ ˖ ULTRA (창빈)
76%
⊹ ࣪ ﹏𓊝﹏𓂁﹏⊹ ࣪ ˖ Unfair (필릭스)
76%
⊹ ࣪ ﹏𓊝﹏𓂁﹏⊹ ࣪ ˖ Youth (리노)
76%
Christmas EveL Christmas EveL
75%
⋆✴︎˚。⋆ CINEMA (Lee Know & Seungmin)
75%
⊹ ࣪ ﹏𓊝﹏𓂁﹏⊹ ࣪ ˖ Hold my hand (한)
75%
⊹ ࣪ ﹏𓊝﹏𓂁﹏⊹ ࣪ ˖ So Good (현진)
75%
⊹ ࣪ ﹏𓊝﹏𓂁﹏⊹ ࣪ ˖ Bounce Back
74%
⋆✴︎˚。⋆ ESCAPE ( Bang Chan & Hyunjin)
74%
⊹ ࣪ ﹏𓊝﹏𓂁﹏⊹ ࣪ ˖ Railway (방찬)
74%
⊹ ࣪ ﹏𓊝﹏𓂁﹏⊹ ࣪ ˖ As We Are (그렿게, 천천히, 우리) (승민)
72%
⋆⭒˚。⋆ MIROH
72%
.☘︎ ݁˖ Red Lights (Bang Chan, Hyunjin)
72%
.☘︎ ݁˖ Thunderous
72%
HOP Walkin On Water
72%
⋆☾⋆ CREED
71%
⊹ ࣪ ﹏𓊝﹏𓂁﹏⊹ ࣪ ˖ HALLUCINATION (아이엔)
71%
𝔇𝔬 𝔦𝔱 Holiday
71%
ATE Mountains
71%
⋆✴︎˚。⋆ Truman (HAN & Felix)
71%
⋆☾⋆ 0801
69%
ALL IN ALL IN
69%
Mixtape : dominATE Burnin' Tires (Changbin & I.N.)
69%
⋆☾⋆ Phoenix
69%
✩♬₊˚. Stray Kids
69%
Levanter
68%
𝔇𝔬 𝔦𝔱 Photobook
68%
↻ ◁ || ▷ ↺ RUN (HAN)
68%
⌯⌲⋆ TA
68%
Karma BLEEP
67%
NOEASY CHEESE
67%
⋆☾⋆ Ghost
67%
✩♬₊˚. JJAM
67%
ODDINARY VENOM
67%
I am WHO WHO?
67%
𓆩༺✧༻𓆪 Back Door
65%
♪𝄞♫ᝰ Cover Me
64%
𝟙𝟜𝟛 TASTE (Lee Know, Hyunjin, Felix)
64%
.☘︎ ݁˖ DOMINO
63%
⋆☾⋆ In My Head
63%
ROCK-STAR MEGAVERSE
63%
♪𝄞♫ᝰ Social Path (Feat. LiSA)
63%
𝟙𝟜𝟛 3RACHA (Bang Chan, Changbin, HAN)
61%
°❀⋆ District 9
61%
5-STAR Hall of Fame
61%
˚⋅♡⋆ I am YOU
61%
↻ ◁ || ▷ ↺ Limbo (Lee Know)
61%
.☘︎ ݁˖ Secret Secret
61%
✩♬₊˚. I Like It
60%
✩♬₊˚. Runners
60%
⌯⌲⋆ TOP ("Tower of God" OP)
60%
↻ ◁ || ▷ ↺ Alien (HAN)
58%
⊙‿ꏿ Charmer
58%
♪𝄞♫ᝰ COMFLEX
58%
♪𝄞♫ᝰ Leave
58%
𝟙𝟜𝟛 SUPER BOARD
58%
✰ ✰ ✰ ✰ ✰ Super Bowl
58%
❄︎ 24 to 25
57%
⋆☾⋆ MESS
57%
THE SOUND THE SOUND
57%
✰ ✰ ✰ ✰ ✰ TOPLINE
57%
♪𝄞♫ᝰ BLIND SPOT
56%
✩♬₊˚. Twilight
56%
✰ ✰ ✰ ✰ ✰ FNF
54%
✰ ✰ ✰ ✰ ✰ ITEM
54%
❄︎ Winter Falls
54%
⋆☾⋆ Half Time
53%
⊙‿ꏿ Lonely St.
53%
⊙‿ꏿ Muddy Water (Changbin, Hyunjin, HAN, Felix)
53%
‧₊˚ My Pace
53%
࿔*:・ Side Effects
53%
.☘︎ ݁˖ Surfin' (Lee Know, Changbin, Felix)
53%
↻ ◁ || ▷ ↺ Drive (Bang Chan, Lee Know)
51%
↻ ◁ || ▷ ↺ Maknae On Top (I.N.)
51%
˚꩜。 Parade
51%
↻ ◁ || ▷ ↺ ice.cream (Hyunjin)
50%
°❀⋆ Mirror
50%
♬⋆.˚ NIGHT
50%
I am NOT NOT!
50%
✰ ✰ ✰ ✰ ✰ DLC
49%
GO LIVE GO LIVE
49%
✰ ✰ ✰ ✰ ✰ Youtiful
49%
⊙‿ꏿ FREEZE
47%
𝟙𝟜𝟛 Give Me Your TMI
47%
⋆⭒˚。⋆ 19
46%
⋆⭒˚。⋆ Boxer
46%
♬⋆.˚ Christmas Love
46%
SKZ-REPLAY Connected (Bang Chan)
46%
♬⋆.˚ Falling Up
46%
˚⋅♡⋆ Get Cool
46%
♪🖭𝄞 YAYAYA
46%
⌯⌲⋆ Easy
44%
𓆩༺✧༻𓆪 Ex
44%
⋆。˚ ☁︎ ˚。⋆ FAM
44%
✰ ✰ ✰ ✰ ✰ GET LIT
44%
⌯⌲⋆ Phobia
44%
.☘︎ ݁˖ Sorry, I Love You
44%
𓆩༺✧༻𓆪 Wow (Lee Know, Hyunjin, Felix)
44%
⌯⌲⋆ Airplane
43%
𝟙𝟜𝟛 CHILL
43%
✰ ✰ ✰ ✰ ✰ Collision
43%
↻ ◁ || ▷ ↺ Deep end (Felix)
43%
˚꩜。 宿命 (Destiny/Fate)
43%
࿔*:・ Mixtape #1
43%
࿔*:・ Mixtape #2
43%
࿔*:・ Mixtape#3
43%
࿔*:・ Mixtape #4
43%
.☘︎ ݁˖ WOLFGANG
43%
𓆩༺✧༻𓆪 Any
42%
↻ ◁ || ▷ ↺ Up All Night (Bang Chan, Changbin, Felix, Seungmin)
42%
˚⋅♡⋆ 0325
40%
Double Knot
40%
✰ ✰ ✰ ✰ ✰ Mixtape : Time Out
40%
♪🖭𝄞 Spread My Wings
40%
.☘︎ ݁˖ SSICK
40%
⊙‿ꏿ Waiting For Us (Bang Chan, Lee Know, Seungmin, I.N.)
40%
‧₊˚ Awkward Silence
39%
𝓈𝓉𝓇𝒶𝓎𝓀𝒾𝒹𝓈 Lose My Breath
39%
‧₊˚ Question
39%
♪🖭𝄞 School Life
39%
.☘︎ ݁˖ Silent Cry
39%
.☘︎ ݁˖ Star Lost
39%
IN LIFE The Tortoise and the Hare
39%
.☘︎ ݁˖ The View
39%
⋆⭒˚。⋆ Victory Song
39%
⋆⭒˚。⋆ Chronosaurus
38%
↻ ◁ || ▷ ↺ DOODLE (Changbin)
38%
↻ ◁ || ▷ ↺ #LoveStay
38%
°❀⋆ ROCK
38%
⌯⌲⋆ SLUMP ("Tower of God" ED)
38%
Astronaut
36%
♪🖭𝄞 BEWARE (Grrr)
36%
⌯⌲⋆ Haven
36%
↻ ◁ || ▷ ↺ i hate to admit (Bang Chan)
36%
˚꩜。 Just A Little
36%
↻ ◁ || ▷ ↺ Love Untold (Hyunjin)
36%
⋆⭒˚。⋆ Maze of Memories
36%
.☘︎ ݁˖ Mixtape : OH
36%
˚꩜。 Never Alone
36%
SKZ2021 Scars
36%
↻ ◁ || ▷ ↺ Stars and Raindrops (Seungmin)
36%
♬⋆.˚ WHY?
36%
♪🖭𝄞 4419
35%
⌯⌲⋆ Blueprint
35%
𝟙𝟜𝟛 Can't Stop (Seungmin, I.N.)
35%
↻ ◁ || ▷ ↺ Hug Me (I.N.)
35%
‧₊˚ Insomnia
35%
↻ ◁ || ▷ ↺ Because (Changbin, Felix)
33%
(﹙˓ ‍𖦤 ˒﹚) DLMLU
33%
.☘︎ ݁˖ Gone Away (HAN, Seungmin, I.N.)
33%
♬⋆.˚ Saiyan
33%
࿔*:・ TMT
33%
‧₊˚ Voices
33%
↻ ◁ || ▷ ↺ ZONE (Bang Chan, Changbin, HAN)
33%
°❀⋆ 3rd Eye
32%
Cle 1 : MIROH Entrance
32%
↻ ◁ || ▷ ↺ HaPpY (HAN)
32%
↻ ◁ || ▷ ↺ I GOT IT (HAN)
32%
𝓈𝓉𝓇𝒶𝓎𝓀𝒾𝒹𝓈 Slash
32%
↻ ◁ || ▷ ↺ Streetlight (Changbin)
32%
𓆩༺✧༻𓆪 We Go (Bang Chan, Changbin, HAN)
32%
𝓈𝓉𝓇𝒶𝓎𝓀𝒾𝒹𝓈 Going Dumb
31%
°❀⋆ Grow Up
31%
(﹙˓ ‍𖦤 ˒﹚) Novel
31%
⌯⌲⋆ Pacemaker
31%
🐿️ 13 (HAN)
29%
°❀⋆ Awaken
29%
↻ ◁ || ▷ ↺ Close (HAN)
29%
♪🖭𝄞 GLOW
29%
‧₊˚ M.I.A.
29%
(﹙˓ ‍𖦤 ˒﹚) There
29%
(﹙˓ ‍𖦤 ˒﹚) Battle Ground
28%
🐕 Destiny (Seungmin)
28%
꧁꧂ Fairytale
28%
˚⋅♡⋆ Hero's Soup
28%
-`✦´- Hoodie Season
28%
𓆩༺✧༻𓆪 B Me
26%
Booster
26%
🐺 & 🐷🐰 & 🐿️ HEYDAY (3RACHA Prod. Czaer)
26%
You Can STAY
26%
⌯⌲⋆ Another Day
25%
-`✦´- Broken Compass
25%
🥟 Lover (Hyunjin)
25%
⌯⌲⋆ Mixtape : On Track
25%
˚⋅♡⋆ My Side
25%
𓆩༺✧༻𓆪 My Universe (Seungmin, I.N.)
25%
Cle 2 : Yellow Wood Road Not Taken
25%
🐿️ Volcano (HAN)
25%
🐿️ & 🐇 Want so Bad (Lee Know, HAN)
25%
𝓈𝓉𝓇𝒶𝓎𝓀𝒾𝒹𝓈 All My Life
24%
🐿️ back to life (HAN)
24%
𝓈𝓉𝓇𝒶𝓎𝓀𝒾𝒹𝓈 Come Play (from the series Arcane League of Legends)
24%
-`✦´- For You
24%
𝓈𝓉𝓇𝒶𝓎𝓀𝒾𝒹𝓈 In The Dark (DJ Snake and Stray Kids)
24%
🐷🐰 Mirror Mirror (F.HERO x MILLI ft. Changbin)
24%
Cle : LEVANTER STOP
24%
Sunshine
24%
꧁꧂ Your Eyes
24%
Singles/ Unreleased/ Other🐿️ 1,2,3,4,5 (HAN)
22%
↻ ◁ || ▷ ↺ Wish You Back (HAN)
22%
⌯⌲⋆ Mixtape : Gone Days
21%
↻ ◁ || ▷ ↺ Piece of a Puzzle (Changbin, Seungmin)
21%
𝓈𝓉𝓇𝒶𝓎𝓀𝒾𝒹𝓈 Butterflies
19%
-`✦´- Placebo
19%
🐇 & 🐕 & 🦊 Start! (Lee Know, Seungmin, I.N.)
19%
-`✦´- Behind The Light
18%
↻ ◁ || ▷ ↺ miss you (Hyunjin)
18%
𝓈𝓉𝓇𝒶𝓎𝓀𝒾𝒹𝓈 Call
17%
🐿️ Human (Han)
17%
(﹙˓ ‍𖦤 ˒﹚) Lost Me
17%
🐺 Roman Empire (Fendi x Bang Chan)
17%
🦊 & 🥟 Untitled 미제 (I.N. Feat. Hyunjin)
17%
♬⋆.˚ Aiwokuretanoninaze
15%
𝓈𝓉𝓇𝒶𝓎𝓀𝒾𝒹𝓈 Hello Stranger
15%
𝓈𝓉𝓇𝒶𝓎𝓀𝒾𝒹𝓈 Neverending Story (끝나지 않을 이야기)
15%
⋆。˚ ☁︎ ˚。⋆ One Day
15%
𝓈𝓉𝓇𝒶𝓎𝓀𝒾𝒹𝓈 PARTY'S NOT OVER
15%
🐺 Eternity (Bang Chan)
14%
🐕 Hold On (Seungmin)
14%
𝓈𝓉𝓇𝒶𝓎𝓀𝒾𝒹𝓈 Like Magic
14%
🥟 Quill Pen (낙서장) (Hyunjin)
14%
🐿️ & 🦊 & 🐥 Genie (HAN, Felix, I.N)
13%
🐕 Goodbye (Seungmin)
13%
🐥 ReawakeR (LiSA ft. Felix)
13%
🥟 RUSH (Troye Sivan ft Hyunjin & PinkPantheress)
13%
🐺 Baby (Bang Chan)
11%
🐕 Here Always (Seungmin)
11%
🐿️ & 🐇 한 번 더 리플레이 "Iced Americano" (Lee Know, HAN)
11%
🐿️ Maybe (HAN)
11%
🦊 & 🐺 Black Hole (Bang Chan, I.N.)
10%
🐷🐰 Cypher (Changbin)
10%
🐥 No Problem (Nayeon ft. Felix)
10%
🐿️ Raining Stars (유성우) (HAN)
10%
🐷🐰 Fly High (Changbin)
8%
🥟 hey you (Hyunjin)
8%
🐿️ Miserable (You & Me) (HAN)
8%
🐕 Write Artist's Name Phobia (Seungmin)
8%
🐷🐰 VAY (Itzy ft, Changbin)
8%
🐕 Close to You (Seungmin)
7%
𝓈𝓉𝓇𝒶𝓎𝓀𝒾𝒹𝓈 JUST BREATHE
7%
🥟 long for you (Hyunjin)
7%
🐕 & 🐿️ Respirator (HAN, Seungmin)
7%
🐥 Rev It Up (Felix)
7%
🐕 & 🐷🐰 & 🐥 Snain 비바람 (Changbin, Felix, Seungmin)
7%
🦊 & 🐷🐰 빵꿀즈 "Yeah민Boss" (I.N., Changbin)
7%
🐷🐰 8th grader (Respect Your Dreams) (Changbin)
6%
🥟 Contradicting (Hyunjin)
6%
🐿️ Don't Say (Han)
6%
🐕 Into the Current (급류) (Seungmin)
6%
🐕 & 🥟 티격태격 "잔수리 대마왕" King of Nagging (Hyunjin, Seungmin)
6%
🥟 Mic and Brush (Hyunjin)
6%
🐷🐰 R&B ME (JUN. K ft. Changbin)
6%
🦊 & 🥟 Salang Salang (살랑 살랑) ( Hyunjin & I.N.)
6%
🐕 Still here (제자리걸음) (Seungmin)
6%
🥟 & 🐷🐰 Can I Call You (Changbin & Hyunjin)
4%
🐕 Perfume (Seungmin)
4%
🦊 The Little Things (행복 뭐 별거 없네요) (I.N.)
4%
🐿️ 태풍상사 (Typhoon Family) (HAN)
4%
🐷🐰 Yes Seo (명) (Changbin)
4%
🐷🐰 You...Like the Wind (바람 같은 너) (Yoon Jisung ft. Changbin)
4%
🐺 & 🐥 찬스 CHANCE "한 장 더" (Felix, Bang Chan)
3%
No matching quizzes found
Score Distribution
Percent of People with Each Score
Percentile by Number Answered
Your Score History
You have not taken this quiz since the last reset